1358 1433 1850 1146 1712 1972 1624 1976 1841 1007 1828 1444 1956 1293 1012 1907 1017 1980 1886 1811 1751 1551 1709 1777 1389 1684 1269 1725 1238 1862 1856 1622 1107 1740 1728 1592 1332 1853 1669 1591 1413 1275 1402 1908 1017 1891 1538 1746 1114 1639 1035 1321 1373 1409 1803 1100 1274 1899 1375 1317 1575 1265 1721 1759 1496 1678 1629 1899 1173 1045 1306 1191 1521 1257 1896 1288 1782 1584 1565 1338 1741 1591 1015 1373 1797 1164 1563 1684 1446 1980 1515 1812 1822 1799 1739 1447 1153 1849 1528 BCNSPRNW ULIB Ver.6.0+V

เปลี่ยนเป็นภาษาไทย

Change to English
 แสดงรายละเอียดบรรณานุกรม
  กลับหน้าหลัก

Brief Record : Get Marc (ISO 2709) : E-mail record : QR code < ปิดหน้าต่าง
LEADER : 00000nam 2200000uu 4500
001    13399111991
003     ULIB
008    110714s2552||||th 000 0 tha d
020    6160600014
090    นว.^bH111p 2552
100 0   Hideko_Sunshine
245 00 Prince of War เสี่ยงรักปฏิวัติหัวใจ/^c Hideko_Sunshine
250    พิมพ์ครั้งที่ 1
260    กรุงเทพฯ :^bแจ่มใส,^c2552
300    260 หน้า
945    ^p189^l0^i026739
995     เกษร
999     ^aใช้งานได้ทุกระบบ
รายการนี้ยังไม่มีแท็ก
คุณยังไม่ได้ล็อกอิน คุณสามารถมีกิจกรรมร่วมกับเว็บไซต์ได้ แต่ต้องล็อกอินก่อน ::
  ล็อกอิน

รายการสื่อสารสนเทศ

ลำดับที่ ประเภท เลขเรียก/บาร์โค้ด สถานที่ สถานะ
1. นวนิยาย
นวนิยาย
นว. H111p 2552  
  Barcode: 026739
ห้องสมุดวิทยาเขตสวรรค์ประชารักษ์
►นวนิยาย
บนชั้น
  ขอยืม

BibComment


ยังไม่เคยถูกคอมเมนท์

คอมเมนท์ทรัพยากรรายการนี้
  คอมเมนท์: Prince of War เสี..


 Copyright 2026. Bcnsprnw @Library